MARC details
| 000 -LEADER |
| campo de control de longitud fija |
03281nam a2200421 i 4500 |
| 001 - NÚMERO DE CONTROL |
| campo de control |
196819 |
| 003 - IDENTIFICADOR DE NÚMERO DE CONTROL |
| campo de control |
ES-GrU |
| 005 - FECHA Y HORA DE LA ÚLTIMA TRANSACCIÓN |
| campo de control |
20250819085729.0 |
| 007 - CAMPO FIJO DE DESCRIPCIÓN FÍSICA--INFORMACIÓN GENERAL |
| campo de control de longitud fija |
ta |
| 008 - DATOS DE LONGITUD FIJA--INFORMACIÓN GENERAL |
| campo de control de longitud fija |
241216s2024 sp 001 0 spa d |
| 017 ## - NÚMERO DE COPYRIGHT O DE DEPÓSITO LEGAL |
| Número de copyright o de depósito legal |
M 23716-2024 |
| Agencia que asigna |
Oficina Depósito Legal Madrid |
| 020 ## - NÚMERO INTERNACIONAL ESTÁNDAR DEL LIBRO |
| Número Internacional Estándar del Libro |
9788410671133 |
| 040 ## - FUENTE DE CATALOGACIÓN |
| Centro catalogador/agencia de origen |
UGR |
| Normas de descripción |
rda |
| Lengua de catalogación |
spa |
| Centro/agencia transcriptor |
ES-MaACL |
| 100 1# - ENTRADA PRINCIPAL--NOMBRE DE PERSONA |
| Nombre de persona |
Martínez Soler, José Antonio |
| 9 (RLIN) |
239382 |
| Término indicativo de función/relación |
Autor |
| 240 10 - TÍTULO UNIFORME |
| Título uniforme |
Franco para jóvenes |
| 245 10 - MENCIÓN DEL TÍTULO |
| Título |
Franco para jóvenes / |
| Mención de responsabilidad, etc. |
José A. Martínez Soler y Erik Martínez Westley. |
| 250 ## - MENCION DE EDICION |
| Mención de edición |
Segunda edición: diciembre de 2024 |
| 264 #1 - PRODUCCIÓN, PUBLICACIÓN, DISTRIBUCIÓN, FABRICACIÓN Y COPYRIGHT |
| Producción, publicación, distribución, fabricación y copyright |
Madrid : |
| Nombre del de productor, editor, distribuidor, fabricante |
Los Libros de la Catarata, |
| Fecha de producción, publicación, distribución, fabricación o copyright |
2024 |
| 264 #4 - PRODUCCIÓN, PUBLICACIÓN, DISTRIBUCIÓN, FABRICACIÓN Y COPYRIGHT |
| Fecha de producción, publicación, distribución, fabricación o copyright |
©2024 |
| 300 ## - DESCRIPCIÓN FÍSICA |
| Extensión |
189 páginas ; |
| Dimensiones |
22 cm |
| 336 ## - TIPO DE CONTENIDO |
| Término de tipo de contenido |
texto |
| Código de tipo de contenido |
txt |
| Fuente |
rdacontent |
| 337 ## - TIPO DE MEDIO |
| Nombre/término del tipo de medio |
sin mediación |
| Código del tipo de medio |
n |
| Fuente |
rdamedia |
| 338 ## - TIPO DE SOPORTE |
| Nombre/término del tipo de soporte |
volumen |
| Código del tipo de soporte |
nc |
| Fuente |
rdacarrier |
| 520 3# - RESUMEN, ETC. |
| Sumario, etc. |
Hace cincuenta años que murió Franco, un dictador que tuvo todo el poder durante casi cuatro décadas. Unos le querían y otros le odiaban. Todos le temían. El caudillo de España por la gracia de Dios, y no por el voto de los españoles y españolas, marca la historia reciente en nuestro país. Sus efectos todavía perduran. Franco ganó la Guerra Civil con la ayuda de Hitler y Mussolini. La historia de las guerras y las dictaduras la escriben los vencedores, pero que hayan ganado no significa que tuvieran razón o que los hechos sean buenos o inalterables. La historia cambia a medida que descubrimos más datos.A mí me secuestró y torturó un comando de la Guardia Civil franquista en 1976, tres meses después de la muerte del dictador, por un artículo que escribí. Casi no vivo para contarlo. A otros les pasaron cosas peores. En estas cinco décadas desde la muerte del dictador, España ha vivido una transición a la democracia; cuesta imaginar que nuestros padres, abuelos y bisabuelos, no hace tanto, se estuvieran matando entre ellos. Ahora que aumenta el populismo y la desinformación, con el auge de la extrema derecha en toda Europa, incluida España, es bueno conocer nuestra historia reciente, saber de dónde venimos y poder tomar decisiones que nos lleven hacia un futuro mejor. Heredáis esta democracia de medio siglo. Viene bien que sepáis sobre qué cimientos está alzada para que podáis sacarle el máximo provecho, porque no te das cuenta de lo valiosa que es la libertad hasta que te falta. Ojalá nunca os falte. |
| Fuente |
[Resumen del editor] |
| 600 14 - PUNTO DE ACCESO ADICIONAL DE MATERIA--NOMBRE DE PERSONA |
| Nombre de persona |
Franco Bahamonde, Francisco, |
| Fuente del encabezamiento o término |
embne |
| 9 (RLIN) |
52240 |
| Fechas asociadas al nombre |
1892-1975 |
| 650 #7 - PUNTO DE ACCESO ADICIONAL DE MATERIA--TÉRMINO DE MATERIA |
| Término de materia o nombre geográfico como elemento de entrada |
Franquismo |
| Fuente del encabezamiento o término |
embne |
| 9 (RLIN) |
12981 |
| 650 #0 - PUNTO DE ACCESO ADICIONAL DE MATERIA--TÉRMINO DE MATERIA |
| Término de materia o nombre geográfico como elemento de entrada |
Dictadores |
| Fuente del encabezamiento o término |
EMBUS |
| 9 (RLIN) |
239384 |
| 650 #7 - PUNTO DE ACCESO ADICIONAL DE MATERIA--TÉRMINO DE MATERIA |
| Término de materia o nombre geográfico como elemento de entrada |
Dictadura militar |
| Fuente del encabezamiento o término |
embne |
| 9 (RLIN) |
239385 |
| 650 #0 - PUNTO DE ACCESO ADICIONAL DE MATERIA--TÉRMINO DE MATERIA |
| Término de materia o nombre geográfico como elemento de entrada |
Historia- |
| Subdivisión general |
Estudio y enseñanza- |
| Subdivisión geográfica |
España |
| 9 (RLIN) |
239386 |
| 700 1# - ENTRADA AGREGADA--NOMBRE PERSONAL |
| Nombre de persona |
Martínez Westley, Erik |
| 9 (RLIN) |
239387 |
| Término indicativo de función/relación |
Autor |
| 852 ## - LOCALIZACIÓN |
| Ubicación |
ES-MaACL |
| Ubicación en estantería |
Depósito J |
| Número de control de estantería |
N-10242 |
| Anotaciones manuscritas |
Dedicatorias autógrafas de los autores |
| Donativo/Legado |
Donación: José A. Martínez Soler; Erik Martínez Westley |
| Encuadernación |
Encuadernación rústica con solapas |
| itemnumber |
206368 |
| 903 ## - NOMBRE PERSONAL DE DONANTE |
| 9 |
239382 |
| a |
Martínez Soler, José Antonio |
| e |
Donante |
| 903 ## - NOMBRE PERSONAL DE DONANTE |
| 9 |
239387 |
| a |
Martínez Westley, Erik |
| e |
Donante |
| 942 ## - ELEMENTOS DE ENTRADA SECUNDARIOS (KOHA) |
| Tipo de ítem Koha |
Libro impreso |
| Suprimir en OPAC |
No |